000 00595cam a22002411 4500
001 sa 64004405
003 DLC
005 20260227112024.0
008 890609s1963 ii 000 0 maro
010 _asa 64004405
035 _a(OCoLC)19844078
040 _aDLC
_cWaU
_dDLC
042 _apremarc
043 _aa-ii---
050 0 0 _aHN690.M33
_bD3
100 1 _aDandekar, Vishnu Mahadeo.
245 1 0 _aGāvarahāṭī.
260 _c[1963]
300 _a6, 179 p.
_c22 cm.
500 _aIn Marathi.
651 0 _aMaharashtra (India)
_xRural conditions.
700 1 _aJagatāpa, M. B.
999 _c58478
_d58478